000 00238nam a2200085Ia 4500
245 0 _aHere comes the sun
100 _a GRAHAM, Amanda Flinders Park, S Aust., 2003
_9100643
942 _cBK
008 210818s9999 xx 000 0 und d
999 _c434707
_d434706